000 00456nam a2200157 i 4500
001 38878
003 ES-MaACL
005 20230906155836.0
007 t|
008 030226s1966 sp ||||1| spa d
100 1 _aCalvo, Francisco Javier.
_933839
245 1 1 _a"Orientaciones de una pastoral diocesana de conjunto" /
_cFrancisco Javier Calvo.
260 _aMadrid :
_bZYX,
_c[1966]
300 _a114 p. ;
_c17 cm.
852 _aES-MaACL
_jC-29525
_bR.59610
999 _c38878
_d38878